• 首页
  • 本馆介绍
  • 公告通知
  • 最新文献
  • 馆藏检索
  • 电子资源
  • 读者荐购
  • 参考咨询
  • CALIS
  • 我的图书馆
  • 登录
  • 详细信息显示
  • 放入我的书架
  • 预约/预借图书
  • 作者相关作品
  • 分类相关作品
  • 丛书相关作品
  • 出版社相关作品

书目信息

  • 表格格式
  • 工作单格式
  • 卡片格式
题名:
水月村
    
 
作者: 邓阳金 著
分册:  
出版信息: 北京   中国社会出版社  2009.02
页数: 242页
开本: 21cm
丛书名:
单 册:
中图分类: I247.57
科图分类:
主题词: 长篇小说--chang pian xiao shuo--中国--现代
电子资源:
ISBN: 978-7-5087-2422-5
 
 
 
 
 
000 00867nam0 2200241 450
001 012009801280
005 20090917115408.20
010    @a978-7-5087-2422-5@dCNY20.00
100    @a20090917d2009 em y0chiy0120 ea
101 0  @achi
102    @aCN@b110000
105    @ac z 000ay
106    @ar
200 1  @a水月村@Ashui yue cun@f邓阳金著@Fdeng yang jin zhu
210    @a北京@c中国社会出版社@d2009.02
215    @a242页@c肖像@d21cm
300    @a百位农民作家百部农民作品第一辑
330    @a这是从“5·12”汶川地震的废墟中抢救出来的四川什邡农民撰写的长篇小说。故事发生在震前四川西部地区农村。肖家建房挖出了一坛银元,围绕着这一坛银元,水月村里上演了一出出的人间悲喜剧。
606 0  @a长篇小说@Achang pian xiao shuo@y中国@z现代
690    @aI247.57@v4
701  0 @a邓阳金@Adeng yang jin@4著
801  0 @aCN@bQSSK@c20090917
905    @b753677-79@dI247.57@eD332@f3
    
    水月村/邓阳金著.-北京:中国社会出版社,2009.02
    242页:肖像;21cm
    百位农民作家百部农民作品第一辑
    
    ISBN 978-7-5087-2422-5:CNY20.00
    这是从“5·12”汶川地震的废墟中抢救出来的四川什邡农民撰写的长篇小说。故事发生在震前四川西部地区农村。肖家建房挖出了一坛银元,围绕着这一坛银元,水月村里上演了一出出的人间悲喜剧。
●
相关链接 在E读中查询图书 在当当中查询图书 在豆瓣中查询图书


正题名:水月村     索取号:I247.57/D332         预约/预借

序号 登录号 条形码 馆藏地/架位号 状态 备注
1 753677   207536772   文学库108/108文学库 47排4列4层/ [索取号:I247.57/D332] 在馆    
2 753678   207536781   文学库108/108文学库 47排4列4层/ [索取号:I247.57/D332] 在馆    
3 753679   207536790   文学库108/108文学库 47排4列4层/ [索取号:I247.57/D332] 在馆    
河南城建学院图书馆 欢迎您!
大连网信软件有限公司© 版权所有